000 00333nam a2200097Ia 4500
005 20250424112846.0
008 250424s9999 xx 000 0 und d
300 _a211 p. :ill. ; 23 cm.
650 _aRefugees--Legal status, laws, etc.--Periodicals. Asylum, Right of--Periodicals. Refugees--Government policy--Periodicals.
942 _cSR
999 _c37545
_d37545